000
00306nam a2200133Ia 4500
008
230711s9999||||xx |||||||||||||| ||und||
041
_a
ENG
082
_a
800
_b
TH-G
100
_a
Thani,Lokesh
245
0
_a
Gymnastics
260
_c
1996
_a
New Delhi
_b
Pradeep publishers
650
_a
Literature
942
_c
BK
999
_c
2957
_d
2957